TEACH LIKE NOBODY'S WATCHING: THE ESSENTIAL GUIDE TO EFFECTIVE AND EFFICIENT TEACHING (Record no. 216677)

MARC details
000 -LEADER
fixed length control field 00600nam a22001697a 4500
008 - FIXED-LENGTH DATA ELEMENTS--GENERAL INFORMATION
fixed length control field 260225b |||||||| |||| 00| 0 eng d
020 ## - INTERNATIONAL STANDARD BOOK NUMBER
International Standard Book Number 978-178583399-1
050 ## - LIBRARY OF CONGRESS CALL NUMBER
Classification number LB 1027 .E 57 2019
100 ## - MAIN ENTRY--PERSONAL NAME
Personal name MARK,ENSER
245 ## - TITLE STATEMENT
Title TEACH LIKE NOBODY'S WATCHING: THE ESSENTIAL GUIDE TO EFFECTIVE AND EFFICIENT TEACHING
260 ## - PUBLICATION, DISTRIBUTION, ETC.
Place of publication, distribution, etc. BANCYFELIN, CARMATHEN, WALES,
Name of publisher, distributor, etc. CROWN HOUSE PUBLISHING LIMITED,
Date of publication, distribution, etc. 2019,
300 ## - PHYSICAL DESCRIPTION
Extent iii, 185 P, ILL
500 ## - GENERAL NOTE
General note INCLUDES BIBLOGRAPHICAL REFERENCES AND INDEX
650 ## - SUBJECT ADDED ENTRY
Topical term or geographic name entry element 1. TEACHING METHODOLOGY 2. EFFECTIVE TEACHING
942 ## - ADDED ENTRY ELEMENTS (KOHA)
Source of classification or shelving scheme Library of Congress Classification
Koha item type Long Loan Book
Holdings
Withdrawn status Lost status Source of classification or shelving scheme Damaged status Not for loan Collection Home library Current library Shelving location Date acquired Inventory number Total checkouts Full call number Barcode Date last seen Copy number Price effective from Koha item type
    Library of Congress Classification     Arts & Social Sciences Kisii University Library Kisii University Library On Display 02/25/2026 111841   LB 1027 .E57 2019 A000673 02/25/2026 1 02/25/2026 Long Loan Book
    Library of Congress Classification     Arts & Social Sciences Kisii University Library Kisii University Library On Display 02/25/2026 111842   LB 1027 .E57 2019 A000674 02/25/2026 2 02/25/2026 Long Loan Book
    Library of Congress Classification     Arts & Social Sciences Kisii University Library Kisii University Library On Display 02/25/2026 111843   LB 1027 .E57 2019 A000672 02/25/2026 3 02/25/2026 Long Loan Book
    Library of Congress Classification     Arts & Social Sciences Kisii University Library Kisii University Library On Display 02/25/2026 111844   LB 1027 .E57 2019 A000677 02/25/2026 4 02/25/2026 Long Loan Book
    Library of Congress Classification     Arts & Social Sciences Kisii University Library Kisii University Library On Display 02/25/2026 111845   LB 1027 .E57 2019 A000678 02/25/2026 5 02/25/2026 Long Loan Book